Hình tượng nhân vật trẻ em trong sáng tác của Thạch Lam,Nam Cao, Nguyên Hồng trước cách mạng tháng tám1945

Truyện viết về trẻ em trong văn học hiện thực phê phán Việt Nam 1930-1945 ...Hình tượng nhân vật trẻ em trong sáng tác của Thạch Lam, Nam Cao, Nguyên Hồng nhìn từ phương diện nội dung...Hình tượng nhân vật trẻ em trong sáng tác của Thạch Lam, Nam Cao, Nguyên Hồng nhìn từ phương diện hình thức nghệ t...

Volledige beschrijving

Bewaard in:
Bibliografische gegevens
Hoofdauteur: Nguyễn Thị Mộng Thơ
Andere auteurs: Bùi Thanh Truyền hướng dẫn (TS)
Formaat: Boek
Taal:Vietnamese
Gepubliceerd in: Đà Nẵng Đại học Đà Nẵng 2011
Onderwerpen:
Tags: Voeg label toe
Geen labels, Wees de eerste die dit record labelt!
Thư viện lưu trữ: Mạng thư viện Đại học Đà Nẵng
LEADER 01851nam a2200337 4500
001 000010640
003 6847
005 20111216151211.0
008 111216s2011 viesd
041 |a vie 
072 |a Luận văn thạc sĩ khoa học xã hội và nhân văn 
082 |a 895.922334  |b NG-T 
100 1 |a Nguyễn Thị Mộng Thơ 
245 1 |a Hình tượng nhân vật trẻ em trong sáng tác của Thạch Lam,Nam Cao, Nguyên Hồng trước cách mạng tháng tám1945  |c Nguyễn Thị Mộng Thơ 
260 |a Đà Nẵng  |b Đại học Đà Nẵng  |c 2011 
300 |a 90 tr  |c 29 cm  |e 1 Bản tóm tất, đĩa CD 
500 |a Luận văn thạc sĩ khoa học xã hội và nhân văn: Chuyên ngành:Văn học Việt Nam. Mã số: 60.22.34 
520 |a Truyện viết về trẻ em trong văn học hiện thực phê phán Việt Nam 1930-1945 ...Hình tượng nhân vật trẻ em trong sáng tác của Thạch Lam, Nam Cao, Nguyên Hồng nhìn từ phương diện nội dung...Hình tượng nhân vật trẻ em trong sáng tác của Thạch Lam, Nam Cao, Nguyên Hồng nhìn từ phương diện hình thức nghệ thuật... 
653 |a Luận văn thạc sĩ văn học  |a Thạch Lam, Nam Cao, Nguyên Hồng 
653 |a Hình tượng nhân vật trẻ em 
700 |a Bùi Thanh Truyền  |c hướng dẫn  |e TS 
OWN |a LSP 
AVA |a UDN50  |b LSP  |d 895.922334 NG-T  |e available  |t Error 5001 Not defined in file expand_doc_bib_avail.  |f 1  |g 0  |h N  |i 0  |k 1 
999 |a From the UDN01 
AVA |a UDN50  |b LSP  |d 895.922334 NG-T  |e available  |t Error 5001 Not defined in file expand_doc_bib_avail.  |f 1  |g 0  |h N  |i 0  |k 1 
TYP |a Monograph 
TYP |a Printed language 
980 |a Mạng thư viện Đại học Đà Nẵng